LIBRARY & INFORMATION CENTRE, KCAET, TAVANUR

ONLINE PUBLIC ACCESS CATALOGUE (OPAC)

Estimation if irrigation water requirement - a GIS based approach (Record no. 15004)

MARC details
000 -LEADER
fixed length control field 00691nam a22001817a 4500
003 - CONTROL NUMBER IDENTIFIER
control field OSt
088 ## - REPORT NUMBER
Report number P 181
100 ## - MAIN ENTRY--AUTHOR NAME
Personal name ANOOPA P. S
-- MIJILRAJ M. G
-- REMYA P. RAJ
245 ## - TITLE STATEMENT
Title Estimation if irrigation water requirement - a GIS based approach
260 ## - PUBLICATION, DISTRIBUTION, ETC. (IMPRINT)
Place of publication Tavanur 2008
Name of publisher Kelappaji College of Agricultural Engineering and Technology
300 ## - PHYSICAL DESCRIPTION
Number of Pages 80
500 ## - GENERAL NOTE
General note Estimation if irrigation water requirement - a GIS based approach
520 ## - SUMMARY, ETC.
Summary, etc Estimation if irrigation water requirement - a GIS based approach
700 ## - ADDED ENTRY--PERSONAL NAME
Personal name Er. Asha Joseph (Guide)
856 ## - ELECTRONIC LOCATION AND ACCESS
Uniform Resource Identifier https://drive.google.com/open?id=1t16usnk8JIQ8OF2SCU4Ne6qR5Rudrman
942 ## - ADDED ENTRY ELEMENTS (KOHA)
Koha item type Project Report
Holdings
Collection code Home library Current library Shelving location Full call number Accession Number Koha item type
Reference KAUAET KAUAET Reference 631.587 ANO/ES P 181 Project Report
free website counter